00521nam a2200205 a 4500001001300000003000900013005001700022008004100039020002300080082001700103100001800120245002700138260004200165300000900207500003500216505001000251650001700261650001900278700001800297nice12345678IN_TiNIC20260116013732.0050524s1996 dela grp 000 0 eng  a8170243 c30000a954.918bCHI aChitkara, M G aJiy-E-Sindhb G M Syed aDelhibAshish Publishing House c1996 a212p aincludes index and biblioraphy2 aIndex aSind-History aGhulam Murtuza1 aChitkara, M G